Geography of the flowering plants. (Record no. 23718)

MARC details
000 -LEADER
fixed length control field 00311nam a2200121Ia 4500
082 ## - DEWEY DECIMAL CLASSIFICATION NUMBER
Classification number 581.4:581.9
Item number GOO
100 ## - MAIN ENTRY--AUTHOR NAME
Personal name GOOD, Ronald
245 #0 - TITLE STATEMENT
Title Geography of the flowering plants.
260 ## - PUBLICATION, DISTRIBUTION, ETC. (IMPRINT)
Place of publication London
Name of publisher Longman
Year of publication 1974
650 ## - SUBJECT ADDED ENTRY--TOPICAL TERM
Topical Term Flowering plants
942 ## - ADDED ENTRY ELEMENTS (KOHA)
Koha item type Books
Holdings
Withdrawn status Lost status Damaged status Not for loan Home library Current library Date acquired Full call number Accession Number Koha item type
        RRII Library RRII Library 16/12/2021 581.4:581.9 GOO 04416 Books